شيخ الإسلام ابن تيمية والعمل الجماعي ;; Shaykh al-Islām Ibn Taymīyah wa-al-ʻamal al-jamāʻī / (Record no. 78751)
[ view plain ]
| 000 -LEADER | |
|---|---|
| fixed length control field | 01385cam a2200277 a 4500 |
| 001 - CONTROL NUMBER | |
| control field | 78751 |
| 003 - CONTROL NUMBER IDENTIFIER | |
| rucl marc code | BD-RjUL |
| 005 - DATE AND TIME OF LATEST TRANSACTION | |
| control field | 20211209083153.0 |
| 008 - FIXED-LENGTH DATA ELEMENTS--GENERAL INFORMATION | |
| fixed length control field | 211110s1990 ku 000 0 ara |
| 035 ## - SYSTEM CONTROL NUMBER | |
| System control number | (BD-RjUL) |
| System control number | (CStRLIN) |
| 040 ## - CATALOGING SOURCE | |
| Original cataloging agency | DLC-R |
| Transcribing agency | DLC-R |
| Modifying agency | DLC |
| Language of cataloging | eng |
| 041 ## - LANGUAGE CODE | |
| Language code of text/sound track or separate title | ara |
| 082 ## - DEWEY DECIMAL CLASSIFICATION NUMBER | |
| Edition number | 23 |
| Classification number | 297.7409 |
| Author mark and year | ABS 1990 |
| 100 2# - MAIN ENTRY--PERSONAL NAME | |
| Personal name | عبد الخالق، عبد الرحمن.;; Abd al-Khāliq, ʻAbd al-Raḥmān. |
| 9 (RLIN) | 249855 |
| 245 10 - TITLE STATEMENT | |
| Title | شيخ الإسلام ابن تيمية والعمل الجماعي ;; Shaykh al-Islām Ibn Taymīyah wa-al-ʻamal al-jamāʻī / |
| Statement of responsibility, etc. | بقلم عبد الرحمن عبد الخالق.;; bi-qalam ʻAbd al-Raḥmān ibn ʻAbd al-Khāliq. |
| 250 ## - EDITION STATEMENT | |
| Edition statement | al-Ṭabʻah 1.;; لطبعة 1. |
| 260 ## - PUBLICATION, DISTRIBUTION, ETC. (IMPRINT) | |
| Place of publication, distribution, etc. | [Kuwait] : |
| Name of publisher, distributor, etc. | جمعية إحياء التراث الإسلامي، لجنة البحث العلمي،;; Jamʻīyat Iḥyāʼ al-Turāth al-Islāmī, Lajnat al-Baḥth al-ʻIlmī, |
| Date of publication, distribution, etc. | 1990. |
| 300 ## - PHYSICAL DESCRIPTION | |
| Pagination | 104 p. ; |
| Size | 24 cm. |
| 504 ## - BIBLIOGRAPHY, ETC. NOTE | |
| Bibliography, etc | Includes bibliographical references. |
| 600 20 - SUBJECT ADDED ENTRY--PERSONAL NAME | |
| Personal name | ابن تيمية، أحمد بن عبد الحليم.;; Ibn Taymīyah, Aḥmad ibn ʻAbd al-Ḥalīm, |
| Dates associated with a name | 1263-1328. |
| 650 #0 - SUBJECT ADDED ENTRY--TOPICAL TERM | |
| Topical term or geographic name as entry element | Daʻwah (Islam) |
| General subdivision | History. |
| 9 (RLIN) | 246155 |
| Topical term or geographic name as entry element | Jihad |
| General subdivision | History. |
| 9 (RLIN) | 249858 |
| 942 ## - ADDED ENTRY ELEMENTS (KOHA) | |
| Source of classification or shelving scheme | Dewey Decimal Classification |
| Koha item type | Books |
| Lost status | Source of classification or shelving scheme | Damaged status | Not for loan | Collection code | Permanent Location | Current Location | Shelving location | Date acquired | Source of acquisition | Total Checkouts | Full call number | Date last seen | Copy number | Koha item type |
|---|---|---|---|---|---|---|---|---|---|---|---|---|---|---|
| Dewey Decimal Classification | Not For Loan | Non-fiction | Central Library, University of Rajshahi | Central Library, University of Rajshahi | Reading Room | 26/10/1992 | Asadullah al Ghalib, R.U. | A 297.7409 ABS 1990 | 10/11/2021 | c-1 | Books |